000 nam a22 7a 4500
999 _c126372
_d126372
008 170407b xxu||||| |||| 00| 0 eng d
050 _aHT1381.F54 1970
100 _aFisher, Allan G.B.
_929726
245 _aSlavery and Muslim society in Africa
_cAllan G.B. Fisher and Humphrey J. Fisher
260 _aLondon
_bC. Hurst and Company
_c1970
300 _axiv,182p.;
_c22cm.
650 _aSlavery in the Sahara
_929727
650 _aSlavery in the Sudan
_929728
700 _a Fisher, Humphery J
_929729
942 _2lcc
_cMONOGRAPH